Volajúci na púšti (Record no. 21380)
[ view plain ]
| 000 -LEADER | |
|---|---|
| fixed length control field | 02045cam a2200541 a 4500 |
| 001 - CONTROL NUMBER | |
| control field | 21380 |
| 003 - CONTROL NUMBER IDENTIFIER | |
| control field | VRT |
| 005 - DATE AND TIME OF LATEST TRANSACTION | |
| control field | 20260228114949.0 |
| 008 - FIXED-LENGTH DATA ELEMENTS--GENERAL INFORMATION | |
| fixed length control field | 230403s1951 xo h g 000 p slo |
| 015 ## - NATIONAL BIBLIOGRAPHY NUMBER | |
| National bibliography number | SNBA19451955-004168 |
| 020 ## - INTERNATIONAL STANDARD BOOK NUMBER | |
| Qualifying information | (viazané) |
| 035 ## - SYSTEM CONTROL NUMBER | |
| System control number | SK01SNKBKSFS20010067323 |
| 035 ## - SYSTEM CONTROL NUMBER | |
| System control number | urn:nbn:sk:snk-am3ie0o |
| 035 ## - SYSTEM CONTROL NUMBER | |
| System control number | urn:nbn:sk:snk-am00e6gx |
| 035 ## - SYSTEM CONTROL NUMBER | |
| System control number | CC495B11-0991-4ACF-8B87-AD2A77A7F9FC |
| 035 ## - SYSTEM CONTROL NUMBER | |
| System control number | SKM000069786 |
| 039 #9 - LEVEL OF BIBLIOGRAPHIC CONTROL AND CODING DETAIL [OBSOLETE] | |
| Level of rules in bibliographic description | 202304032045 |
| Level of effort used to assign nonsubject heading access points | VLOAD |
| Level of effort used to assign subject headings | 202212050954 |
| Level of effort used to assign classification | VLOAD |
| Level of effort used to assign subject headings | 202205110904 |
| Level of effort used to assign classification | VLOAD |
| Level of effort used to assign subject headings | 202106231932 |
| Level of effort used to assign classification | VLOAD |
| 040 ## - CATALOGING SOURCE | |
| Original cataloging agency | SNK |
| Language of cataloging | slo |
| Transcribing agency | SNK |
| Description conventions | AACR2 |
| 041 0# - LANGUAGE CODE | |
| Language code of text/sound track or separate title | slo |
| 044 ## - COUNTRY OF PUBLISHING/PRODUCING ENTITY CODE | |
| MARC country code | xo |
| ISO country code | SK |
| 072 #7 - SUBJECT CATEGORY CODE | |
| Subject category code | 821.162.4-1 |
| Subject category code subdivision | Slovenská poézia |
| Source | konspekt |
| 080 ## - UNIVERSAL DECIMAL CLASSIFICATION NUMBER | |
| Universal Decimal Classification number | 821.162.4-1 |
| Edition identifier | 2011 |
| 080 ## - UNIVERSAL DECIMAL CLASSIFICATION NUMBER | |
| Universal Decimal Classification number | 82-13 |
| Edition identifier | 2011 |
| 080 ## - UNIVERSAL DECIMAL CLASSIFICATION NUMBER | |
| Universal Decimal Classification number | (0:82-13) |
| Edition identifier | 2011 |
| 100 1# - MAIN ENTRY--PERSONAL NAME | |
| Personal name | Hviezdoslav, Pavol Országh, |
| Dates associated with a name | 1849-1921 |
| Relationship | aut |
| 245 10 - TITLE STATEMENT | |
| Title | Volajúci na púšti |
| Remainder of title | lyrické básne |
| Statement of responsibility, etc. | Hviezdoslav ; [zredigoval, poznámky a slovník napísal Ján Brezina ; obálku a grafickú úpravu navrhol Osvald A. Klapper ; úvodnú kresbu nakreslil Ľudo Fulla] |
| 250 ## - EDITION STATEMENT | |
| Edition statement | 1. vydanie |
| 260 ## - PUBLICATION, DISTRIBUTION, ETC. | |
| Place of publication, distribution, etc. | Martin |
| Name of publisher, distributor, etc. | Matica slovenská |
| Date of publication, distribution, etc. | 1951 |
| 300 ## - PHYSICAL DESCRIPTION | |
| Extent | 258 strán |
| Other physical details | faksimile |
| Dimensions | 21 cm |
| 366 ## - TRADE AVAILABILITY INFORMATION | |
| Note | 5500 kusov |
| 490 1# - SERIES STATEMENT | |
| Series statement | Spisy P. O. Hviezdoslava |
| Volume/sequential designation | sv. 3 |
| 500 ## - GENERAL NOTE | |
| General note | Frontispice ; poznámky ; slovník ; soznam a vysvetlivky skratiek |
| 655 #7 - INDEX TERM--GENRE/FORM | |
| Genre/form data or focus term | epická poézia |
| Source of term | SNKPH |
| 655 #7 - INDEX TERM--GENRE/FORM | |
| Genre/form data or focus term | slovenská poézia |
| Source of term | SNKPH |
| 655 #7 - INDEX TERM--GENRE/FORM | |
| Genre/form data or focus term | Slovak poetry |
| Source of term | SNKPHeng |
| 655 #7 - INDEX TERM--GENRE/FORM | |
| Genre/form data or focus term | Epic poetry |
| Source of term | SNKPHeng |
| 700 1# - ADDED ENTRY--PERSONAL NAME | |
| Personal name | Brezina, Ján, |
| Dates associated with a name | 1917-1997 |
| Relationship | edt |
| 700 1# - ADDED ENTRY--PERSONAL NAME | |
| Personal name | Fulla, Ľudovít, |
| Dates associated with a name | 1902-1980 |
| Relationship | ill |
| 700 1# - ADDED ENTRY--PERSONAL NAME | |
| Personal name | Klapper, Osvald, |
| Dates associated with a name | 1930-2010 |
| Relationship | bjd |
| 830 #0 - SERIES ADDED ENTRY--UNIFORM TITLE | |
| Uniform title | Spisy P. O. Hviezdoslava |
| 910 ## - USER-OPTION DATA (OCLC) | |
| User-option data | snk |
| 942 ## - ADDED ENTRY ELEMENTS (KOHA) | |
| Source of classification or shelving scheme | Dewey Decimal Classification |
| Koha item type | Krásna literatúra pre dospelých |
| Suppress in OPAC | No |
| 949 ## - LOCAL PROCESSING INFORMATION (OCLC) | |
| 6 | 17A0223054 |
| 9 | P60, <05>, [BOOK], {605} |
| a | snkSC 4640/3 D1 |
| 949 ## - LOCAL PROCESSING INFORMATION (OCLC) | |
| 6 | 17A0767791 |
| a | snkSC 4640/3 |
| b | snk734/52 |
| o | I. 66/52 - 2. ev. č. |
| s | 6100:20190201 |
| 949 ## - LOCAL PROCESSING INFORMATION (OCLC) | |
| 6 | 2889316164 |
| a | savukB 47849/3 |
| o | K 5227/57 |
| 949 ## - LOCAL PROCESSING INFORMATION (OCLC) | |
| 6 | 270001000642160 |
| a | svkbba 160340 |
| b | svkbbm 789584 |
| Stav vyradenia | Strata | Poškodenie | Spôsob nadobudnutia | Domovská knižnica | Aktuálna knižnica | Dátum nadobudnutia | Total checkouts | Čiarový kód exemplára | Date last seen | Typ exemplára |
|---|---|---|---|---|---|---|---|---|---|---|
| Dar | Obecná knižnica Horná Štubňa | Obecná knižnica Horná Štubňa | 28.02.2026 | 4736201554 | 28.02.2026 | Krásna literatúra pre dospelých |
